01356nam a22003374a 4500001001200000003000800012006001900020007001500039008004100054010001700095020002200112020002200134040002100156035002000177050002500197082001200222100002600234245007800260260007400338300001500412504006400427533015200491650002100643650005800664650005900722650004800781655002900829710001700858856012600875999001701001ebr10014920CaPaEBRm u cr cn|||||||||001107s2001 enk sb 001 0 eng  z 00065116  z0521802792 (hbk.) z0521003377 (pbk.) aCaPaEBRcCaPaEBR a(OCoLC)5131138214aB738.R42bG73 2001eb04a1892211 aGrant, Edward,d1926-10aGod and reason in the Middle Agesh[electronic resource] /cEdward Grant. aCambridge [England] ;aNew York :bCambridge University Press,c2001. aix, 397 p. aIncludes bibliographical references (p. 365-383) and index. aElectronic reproduction.bPalo Alto, Calif. :cebrary,d2013.nAvailable via World Wide Web.nAccess may be limited to ebrary affiliated libraries. 0aReasonxHistory. 0aFaith and reasonxChristianityxHistory of doctrines. 0aLearning and scholarshipxHistoryyMedieval, 500-1500. 0aUniversities and collegeszEuropexHistory. 7aElectronic books.2local2 aebrary, Inc.40uhttp://site.ebrary.com/lib/rucke/Doc?id=10014920zAn electronic book accessible through the World Wide Web; click to view c26800d26800